000 003280000a22000970004500
100 1 _aMeckler, Claire
245 1 0 _aPolygamy from the perspectives of the Old Testament, the Quran, and current muslim thought
300 _aVol. 2, Núm 4 (1985), Páginas 323-334
773 0 _tInternational Journal of Frontier Misions
942 _cANA
999 _c55078
_d55078